000 00613nam a2200193Ia 4500
005 20221123112418.0
008 131103s9999 xx 000 0 und d
040 _aLoreto College
041 _aEnglish
082 _a954.03
_bWEB
100 _aWebster,John C.B.
245 4 _aThe Christian community and change in nineteenth century North India
_cJohn C.B.Webster
260 _aDelhi
_bThe Macmillan Company of Indian Limited
_c1976
300 _axii,293 p.
_b maps,illus,tables
504 _aIncludes bibliographical references and index
650 _aModern Indian History
850 _aLCLIB
942 _cBK
999 _c9957
_d60436